000
00388nam a2200133Ia 4500
008
151001s9999||||xx |||||||||||||| ||und||
100
_a
जातेगावकर आनंद
245
_a
मुखवटे आणि इतर कथा
250
_a
1
260
_b
"शब्द पब्लिकेशन,मुंबई "
260
_c
2013
300
_a
223
365
_b
21
999
_c
999613
_d
999610